| 000 | 00603nam a22002177a 4500 | ||
|---|---|---|---|
| 003 | OSt | ||
| 005 | 20140310181936.0 | ||
| 008 | 130723t xxu||||| |||| 00| 0 eng d | ||
| 020 | _a0752527215 | ||
| 050 |
_aPR 4622 _b.D754 1998 |
||
| 082 |
_aCLA D77s _b1998 |
||
| 100 |
_aDoyle, Sir Arthur Conan _93375 |
||
| 245 |
_aSherlock Holmes investigates & The Hound of the Baskerville / _cSir Arthur Conan Doyle |
||
| 260 |
_aBristol : _bParragon, _c1998. |
||
| 300 |
_a182 p. _c18 cm. |
||
| 541 | _j1 | ||
| 541 | _j2 | ||
| 562 | _e2 | ||
| 650 |
_aClassics _92808 |
||
| 942 |
_2lcc _cBBK _kCLA |
||
| 999 |
_c7542 _d7542 |
||